000 01372nam a22003017a 4500
005 20240530110410.0
008 150212s2010 ua bo a 001 0 ara d
017 _a2007/20687
_bمصر . دار الكتب المصرية
020 _a97714414188
040 _aEG-CaGPL
041 1 _aara
_heng
082 0 4 _221
_a903
_bط/ن ن
100 1 _aشيرو ، فيكتوريا
245 1 0 _aتاريخ افريقيا القديمة :
_bعلم الاثار يزيح الستار عن اسرار ماضى افريقيا /
_cتاليف فيكتوريا شيرو ؛ جيمس دينبو ؛ ترجمة ابراهيم محمد ابراهيم ؛ اشراف عام داليا محمد ابراهيم
250 _aط2
260 _aالقاهرة :
_bنهضة مصر للطباعة و النشر و التوزيع ،
_c2010
300 _a62 ص :
_bايض ؛
_c24 سم
490 _aناشيونال جيوجرافيك يبحث فى
650 0 4 _aافريقيا القديمة
_xتاريخ
650 0 4 _aالاثار
_xالتنقيب عن
650 0 4 _aالعمارة القديمة
650 0 4 _aالاجناس
_xعلم
700 1 _aدينبو ، جيمس
_eاستشارى
700 0 _aابراهيم محمد ابراهيم
_eمترجم
700 0 _aداليا محمد ابراهيم
_eمشرف
942 _2ddc
_cBK
999 _c60431
_d60431